| 000 | 01154nam a22002657i 4500 | ||
|---|---|---|---|
| 999 |
_c23028 _d23028 |
||
| 003 | AR-CdUCM | ||
| 008 | 240910b19981998 pe||||| |||| 00| 0 spa d | ||
| 040 |
_aMUNICIPALIDAD PROVINCIAL DEL CUSCO _cBIBLIOTECA MUNICIPAL DEL CUSCO |
||
| 041 | _hspa | ||
| 082 |
_a627.04 / J54 _bJ54 |
||
| 100 |
_aJimeno Blasco, Enrique _950325 |
||
| 245 | _aAnálisis de Aguas y Desagües / | ||
| 260 |
_aLima : _bEdición Universidad Nacional de Ingeniería _c1998 |
||
| 300 |
_a248 páginas. : _c30 cm. |
||
| 500 | _zBibliografía: páginas 18-20 | ||
| 505 | _aIntroducción -- Factores de conversión -- Revisión de Conceptos de Química -- Conceptos Básicos de Matemáticas -- Ejercicios de Recapitulación -- Análisis de muestras de agua y desagüe -- Consideraciones importantes a tener en cuenta en la prácticas de laboratorio -- Recolección de muestras de aguas | ||
| 650 |
_aQuímica orgánica _921647 |
||
| 650 |
_aTratamiento de aguas _950340 |
||
| 650 |
_aAgua y salud _950327 |
||
| 650 |
_aMatemáticas _99398 |
||
| 650 |
_aIngeniería sanitaria _923453 |
||
| 650 |
_aAnálisis químico _950341 |
||
| 942 |
_2ddc _cLIBROS |
||
| 945 |
_apbj _d2024-09-10 |
||